000 00437nam a2200205Ia 4500
001 13277
003 GE_BSU
008 181216s||||||||xx |||||||||||||| ||und||
020 _a0752849816
040 _cGE_BSU
080 _a821.111-32
100 _aCook H.Thomas.
245 4 _aThe Interrogation.
260 _aLondon.
260 _bOrion.
260 _c2002
300 _a292p;18cm.
653 _aThe Interrogation.
942 _cBK
999 _c46439
_d46439